National solar mission and rural development in Jaipur area (Record no. 509627)

000 -LEADER
fixed length control field 00503nam a22001337a 4500
082 ## - DEWEY DECIMAL CLASSIFICATION NUMBER
Classification number APPPA 2018-19\SHA
100 ## - MAIN ENTRY--PERSONAL NAME
Personal name Sharma, Ashok Kumar
9 (RLIN) 5709
245 ## - TITLE STATEMENT
Title National solar mission and rural development in Jaipur area
Statement of responsibility, etc by Ashok Kumar Sharma
260 ## - PUBLICATION, DISTRIBUTION, ETC. (IMPRINT)
Place of publication, distribution, etc New Delhi
Name of publisher, distributor, etc Indian Institute of Public Administration
Date of publication, distribution, etc 2019
300 ## - PHYSICAL DESCRIPTION
Extent 106p.
500 ## - GENERAL NOTE
General note APPPA Dissertation, 2018-19 (Guide : Dr. Kusum Lata
650 ## - SUBJECT ADDED ENTRY--TOPICAL TERM
Topical term or geographic name as entry element Renewable energy sources -- India.
9 (RLIN) 6370
650 ## - SUBJECT ADDED ENTRY--TOPICAL TERM
Topical term or geographic name as entry element Renewable energy sources.
9 (RLIN) 6371
Holdings
Withdrawn status Lost status Source of classification or shelving scheme Damaged status Koha normalized classification for sorting Not for loan Permanent location Current location Date acquired Total Checkouts Full call number Barcode Date last seen Date last borrowed Price effective from Koha item type
        APPPA_201819SHA   Indian Institute of Public Administration Indian Institute of Public Administration 2019-05-16 1 APPPA 2018-19\SHA GR21075 2020-05-28 2019-08-30 2019-05-16 GR

Powered by Koha